00341pab a2200133 454500008004000000100001600040245005200056260000900108300001300117362001200130650003000142650002200172773001300194180718b2004 xxu||||| |||| 00| 0 eng d aRao, P.S.N. aGood urban governance in India - the road ahead c2004 ap.51-60. aApr-Jun aUrban development - India aUrban development aNagarlok